| Поле | Название | Значение |
| |
Тип записи |
a |
| |
Библиографический уровень |
a |
| 001 |
Контрольный номер |
e4724789623d4a92a44fbd97f75945b8 |
| 005 |
Дата корректировки |
20140506180911.8 |
| 200 |
Заглавие и сведения об ответственности |
__ |
| a |
Заглавие |
Эксперты о противодействии наркомании в регионе |
| 461 |
Уровень набора |
_0 |
| 1 |
|
2001 |
| a |
|
Социс |
| 463 |
Уровень физической единицы |
_0 |
| 1 |
|
200 |
| v |
|
С.94-97 |
| 1 |
|
210 |
| d |
|
2002. - №8 |
| 610 |
Ключевые слова |
__ |
| a |
Ключевые слова |
социология; наркомания |
| 686 |
Индексы других классификаций |
__ |
| a |
Классификационный индекс |
60.54 |
| 700 |
Автор |
__ |
| a |
Фамилия |
Акулич |
| b |
Имя |
М.М. |
| 701 |
Альтернативная интеллектуальная ответственность |
__ |
| a |
Фамилия |
А.В.Артюхов |
| b |
Имя |
Л.П.Гербер, А.В.Стожаров |
| 901 |
Тип документа |
__ |
| t |
Тип документа |
b |
| 938 |
Служебная информация |
__ |
| a |
Название организации |
Волгоградский филиал |
| b |
Имя БД |
Статьи ВКИ |
| c |
Название АИБС |
АИБС МАРК-SQL |